01477cam a22003254a 450000100090000000300040000900500170001300800410003001000170007102000180008803500130010604000180011905000220013708200160015910000280017524500900020326000600029330000210035333600260037433700280040033800270042850503730045565000430082865000480087165000170091990600450093694200120098199900170099395201410101015863813OSt20260313161515.0090811s2009 miu 000 0 eng  a 2009032335 a9781572932579 a15863813 aDLCcDLCdDLC00aBV4909b.H74 200900a248.8/62221 aHubbard, M. Gay,d1931-10aMore than an aspirin :ba Christian perspective on pain and suffering /cGay Hubbard. aGrand Rapids, MI :bDiscovery House Publishers,cc2009. a350 p. ;c21 cm. atextbtxt2rdacontent aunmediatedbn2rdamedia avolumebnc2rdacarrier0 aDoes God promise a happy ending? -- Whose fault is this anyway? -- How can I discover where I am? -- How can I think sensibly about pain? -- How can I live productively with pain? -- How do I evaluate self-care? -- How can I deal with the pain of failure? -- What difference does community make? -- How can I pray in this pain? -- Can I end up where I intended to be? 0aPainxReligious aspectsxChristianity. 0aSufferingxReligious aspectsxChristianity. 0aConsolation. a7bcbccorignewd1eecipf20gy-gencatlg 2lcccBK c21413d21412 00102lcc70aKABUbKABUcGENd2026-03-13eDonationi2025/3551l0oBV4909 .H74 2009 C.1p38459r2026-03-13 16:16:21tC.1w2026-03-13yBK